000 00624nam a22002417a 4500
003 AUp
005 20140310183036.0
008 130219t xxu||||| |||| 00| 0 eng d
020 _a9789712350467
050 _aQR186
_b.S941 2008
082 _aFIL 616.07
_bSu1 2008
245 _aLaboratory guide in clinical blood chemistry
_cSuba, Sally C.
260 _aManila
_bRex
_cc2008
300 _aix, 191 p. : ill.
_c25 cm.
521 _acollege students
526 _c1210L-1700L
541 _j1
541 _j2
541 _j3
541 _j4
562 _e4
942 _2lcc
_cBK
_kFIL
999 _c18483
_d18483